| 000 | 00754nam a2200265Ia 4500 | ||
|---|---|---|---|
| 003 | OSt | ||
| 005 | 20221007102549.0 | ||
| 006 | a|||||r|||| 00| 0 | ||
| 007 | ta | ||
| 008 | 221006b |||||||| |||| 00| 0 eng d | ||
| 020 | _a0333990285 | ||
| 024 | _a10,671 | ||
| 037 | _cTextual | ||
| 040 |
_aLCO _cLCO _beng |
||
| 041 |
_2eng _aeng |
||
| 082 | _aZ1,267, P2 | ||
| 100 |
_aDrahos P. _9704692 |
||
| 245 | 0 |
_aGlobal Intellectual Property Rights _b Knowledge, Access and Development |
|
| 260 |
_aNew _bYork Palgrave Macmillan USA _c2002 |
||
| 300 | _a281 | ||
| 650 |
_aIntellectual Property Rights _9416310 |
||
| 700 |
_a Mayne R. _9704693 |
||
| 942 |
_hZ1,267, P2 _cTEXL |
||
| 999 |
_c1180234 _d1180234 |
||